000 00444nam a22001817a 4500
003 OSt
005 20260216162144.0
008 260216b |||||||| |||| 00| 0 eng d
020 _a9780143458203
082 _a158.1
_bMURH
100 _aMurty, Sudha
245 _aHow to Be Happy with Who you are
260 _aHaryana
_bPenguin Random House
_c2025
300 _a32p
546 _aEnglish
650 _aApplied Psychology
942 _2ddc
_cBK
999 _c3937
_d3937